| 000 | 01447nam a2200313 i 4500 | ||
|---|---|---|---|
| 001 | bg | ||
| 245 | 0 | 0 |
_aOdpady przemysłowe i komunalne = _b(Industrial and municipal wastes) : praca zbiorowa / _cpod kier. Zdzisława Małeckiego ; oprac. J[anusz] Faber [et al.] ; Komitet Inżynierii Środowiska Polskiej Akademii Nauk. |
| 246 | 1 | 1 | _aIndustrial and municipal wastes |
| 260 |
_a[Kraków] : _bBiuro Usług Geotechnicznych i Kartograficznych "Terra", _c1995. |
||
| 300 |
_a219 s., [1] k. tabl. złoż. : _bfot. (gł. kolor.), 2 mapy, 1 pl., rys. ; _c24 cm. |
||
| 490 | 1 |
_aProblemy Sozologiczne Aglomeracji Miejsko-Przemysłowych = _aThe Ecological Problems of the City-Industrial Agglomeration ; _vbiul. 1/1995 |
|
| 500 | _aWyd. z okazji jubileuszu 45-lecia pracy zawodowej na rzecz ochrony środowiska prof. dr hab. inż. Zdzisława Małeckiego. | ||
| 504 | _aBibliogr. s. 206-207. | ||
| 600 | 1 | 9 | _aMałecki Zdzisław |
| 650 | 9 |
_aMiasta _xhigiena _zPolska |
|
| 650 | 9 |
_aOdpady _xprzemysł _xgospodarka _zPolska |
|
| 650 | 9 |
_aŚmieci _xgospodarka _zPolska |
|
| 651 | 9 |
_aKraków (okręg) _xhigiena |
|
| 700 | 1 |
_aMAŁECKI, Zdzisław. _eRed. |
|
| 700 | 1 | _aFABER, Janusz. | |
| 830 | 0 |
_aProblemy Sozologiczne Aglomeracji Miejsko-Przemysłowych ; _vbiul. 1/1995 |
|
| 020 | _a8390448718 | ||
| 040 | _cBPK | ||
| 041 | 0 | _apl | |
| 080 | _a628.4+628.5(438) | ||
| 920 | _a83-904487-1-8 | ||
| 942 | _cKS | ||
| 008 | s pl f |000 0 pol | ||
| 999 |
_c31289 _d31289 |
||
| 856 |
_uhttp://koha.tu.koszalin.pl/cgi-bin/koha/opac-detail.pl?biblionumber=31289 _yKatalog online BPK |
||